Tumba de la ficción / (Record no. 19475)

MARC details
000 -LEADER
campo de control de longitud fija 00721nam a2200241 i 4500
001 - NÚMERO DE CONTROL
campo de control 19475
003 - IDENTIFICADOR DE NÚMERO DE CONTROL
campo de control ES-MaACL
005 - FECHA Y HORA DE LA ÚLTIMA TRANSACCIÓN
campo de control 20230906152114.0
007 - CAMPO FIJO DE DESCRIPCIÓN FÍSICA--INFORMACIÓN GENERAL
campo de control de longitud fija t|
008 - DATOS DE LONGITUD FIJA--INFORMACIÓN GENERAL
campo de control de longitud fija 020902s2001 sp ||||1| spa d
020 ## - NÚMERO INTERNACIONAL ESTÁNDAR DEL LIBRO
Número Internacional Estándar del Libro 84-339-6160-8
080 ## - NÚMERO DE LA CLASIFICACIÓN DECIMAL UNIVERSAL
Número de la Clasificación Decimal Universal 82-31.09
100 1# - ENTRADA PRINCIPAL--NOMBRE DE PERSONA
Nombre de persona Salmon, Christian.
9 (RLIN) 102000
245 10 - MENCIÓN DEL TÍTULO
Título Tumba de la ficción /
Mención de responsabilidad, etc. Christian Salmon ; traducción de Thomas Kauf.
260 ## - PUBLICACIÓN, DISTRIBUCIÓN, ETC.
Lugar de publicación, distribución, etc. Barcelona :
Nombre del editor, distribuidor, etc. Anagrama,
Fecha de publicación, distribución, etc. [2001]
300 ## - DESCRIPCIÓN FÍSICA
Extensión 187 p. ;
Dimensiones 28 cm.
490 1# - MENCIÓN DE SERIE
Mención de serie Colección Argumentos ;
Designación de volumen o secuencia 269
650 14 - PUNTO DE ACCESO ADICIONAL DE MATERIA--TÉRMINO DE MATERIA
Término de materia o nombre geográfico como elemento de entrada Novela-
Subdivisión general Historia y crítica.
9 (RLIN) 15603
700 1# - ENTRADA AGREGADA--NOMBRE PERSONAL
Nombre de persona Kauf, Thomas.
9 (RLIN) 67639
830 0# - PUNTO DE ACCESO ADICIONAL DE SERIE-TÍTULO UNIFORME
Título uniforme Colección Argumentos ;
Designación de volumen o secuencia 269
9 (RLIN) 178071
852 ## - LOCALIZACIÓN
Ubicación ES-MaACL
Número de control de estantería L-25909
Sublocalización o colección R.130777
Holdings
Estatus retirado Estado de pérdida Estado de daño No para préstamo Biblioteca de origen Biblioteca actual Ubicación en estantería Fecha de adquisición Fuente de adquisición Total de préstamos Signatura topográfica completa Código de barras Visto por última vez Precio de reemplazo Tipo de ítem Koha
        Biblioteca del Ateneo de Madrid Biblioteca del Ateneo de Madrid Depósito 2 17/01/2008     L-25909 1019925 23/02/2023 23/02/2023 Libro impreso